[Event "Online Olym Div2 C"]
[Site "Chess.com INT"]
[Date "2020.08.15"]
[Round "6.6"]
[White "Pool, Linda Maria"]
[Black "Eizaguerri Floris, Maria"]
[Result "0-1"]
[WhiteElo "1178"]
[BlackElo "2097"]
[PlyCount "62"]
[EventDate "2020.08.14"]
[EventType "team-tourn (rapid)"]
[EventRounds "9"]
[EventCountry "USA"]
[SourceTitle "CBM 198"]
[Source "ChessBase"]
[SourceDate "2020.10.31"]
[SourceVersion "1"]
[SourceVersionDate "2020.10.31"]
[SourceQuality "1"]
[WhiteTeam "Estonia"]
[BlackTeam "Spain"]
[WhiteTeamCountry "EST"]
[BlackTeamCountry "ESP"]

1. d4 d5 2. Nf3 Nf6 3. e3 e6 4. Bd3 c5 5. b3 Bd6 6. Bb2 0-0 7. 0-0 b6 8. Ne5 Bb7 9. f4 Ne4 10. Rf3 f6 11. Ng4 Nd7 12. Rh3 cxd4 13. Bxd4 Bc5 14. Bb2 Qc7 15. Nd2 Qxf4 16. Nxe4 dxe4 17. Bc4 Rad8 18. Bxe6+ Kh8 19. Bxd7 Qc7 20. Nf2 Qxd7 21. Qh5 h6 22. Ng4 Qd5 23. Qh4 h5 24. Nxf6 gxf6 25. Bxf6+ Kg8 26. Qg3+ Kf7 27. Qg7+ Ke6 28. Qe7+ Bxe7 29. Bxe7 Kxe7 30. Rg3 Qd1+ 31. Rxd1 Rxd1# 0-1